Calma chicha /
Se refiere a la política económica de la administración de Rafael Angel Calderón a 100 días de su gobierno. Advierte que por el momento la situación en el plano social es de calma tensa porque no se sabe cómo va a afectar el conjunto de medidas económicas anunciadas o en vías de ejcución. Por ahora...
Shranjeno v:
| Glavni avtor: | |
|---|---|
| Format: | Texto |
| Jezik: | Spanish |
| Teme: | |
| Oznake: |
Označite
Brez oznak, prvi označite!
|
MARC
| LEADER | 00000 a a2200000 04500 | ||
|---|---|---|---|
| 001 | 4014 | ||
| 003 | cru CIDCACS/IIS | ||
| 005 | 20231109132152.0 | ||
| 008 | 231109b |||||||| |||| 00| 0 spa d | ||
| 040 | |c cru CIDCACS/IIS | ||
| 100 | |a Rojas Bolaños, Manuel | ||
| 245 | |a Calma chicha / |c Manuel Rojas Bolaños | ||
| 500 | |a Colección Centroamérica | ||
| 520 | |a Se refiere a la política económica de la administración de Rafael Angel Calderón a 100 días de su gobierno. Advierte que por el momento la situación en el plano social es de calma tensa porque no se sabe cómo va a afectar el conjunto de medidas económicas anunciadas o en vías de ejcución. Por ahora las reacciones han sido: 1.- disminucuón de la popularidad del presidente, según las ecuestas 2.- desconfianza en la capacidad del presidente para gobernar el país, manifestada ésta en "chistes". AR/MR | ||
| 650 | |a POLITICA GUBERNAMENTAL | ||
| 650 | |a OPINION PUBLICA | ||
| 773 | |g número 36; páginas 5-6 | ||
| 773 | 0 | |0 19245 |9 4601 |a Centro de Estudios para la Acción Social |d San José, Costa Rica: CEPAS |o 04627 |t Costa Rica: | |
| 942 | |2 ddc |c PP | ||
| 999 | |c 21118 |d 21118 | ||
